Iniciación general al método Decroly y ensayo de la aplicación a la escuela primaria
Kaydedildi:
| Asıl Yazarlar: | , |
|---|---|
| Materyal Türü: | Kitap |
| Dil: | İspanyolca |
| Baskı/Yayın Bilgisi: |
Buenos Aires
Losada
1946
|
| Edisyon: | 3a. ed |
| Seri Bilgileri: | Publicaciones de la revista de pedagogía. La escuela activa, 1
|
| Konular: | |
| Etiketler: |
Etiketle
Etiket eklenmemiş, İlk siz ekleyin!
|
MARC
| LEADER | 00000nam a2200000 a 4500 | ||
|---|---|---|---|
| 001 | UCZ0692 | ||
| 003 | CL-VaPUC | ||
| 008 | 950809e19460000AG |||||||||||||||||spa|d | ||
| 082 | 0 | 4 | |a 371.39 |b DEC |2 21 |
| 100 | 0 | |a Decroly, Ovidio |e author |9 343820 | |
| 700 | 0 | |a Boon, G |e author |9 343821 | |
| 245 | 1 | 0 | |a Iniciación general al método Decroly y ensayo de la aplicación a la escuela primaria |
| 250 | |a 3a. ed | ||
| 300 | |a 158 p | ||
| 942 | |c BK | ||
| 945 | |d 19950809 00:00:00 |a mfernand | ||
| 260 | |a Buenos Aires |b Losada |c 1946 | ||
| 650 | 7 | |a METODO DECROLY |2 CL-VaPUC |9 310025 | |
| 650 | 0 | |a Métodos de enseñanza |9 270413 | |
| 650 | 0 | |a Enseñanza |9 256457 | |
| 650 | 0 | |a Educación básica |9 224933 | |
| 650 | 0 | |a Sistemas educacionales |9 324695 | |
| 650 | 7 | |a MEDIO EDUCACIONAL |2 CL-VaPUC |9 309106 | |
| 650 | 7 | |a GUIAS PEDAGOGICAS |2 CL-VaPUC |9 343822 | |
| 583 | |a last modification |c 19950809 00:00:00 |k Rodrigo Vera | ||
| 490 | 0 | |a Publicaciones de la revista de pedagogía. La escuela activa, 1 | |
| 999 | |c 237602 |d 237600 | ||
| 952 | |0 0 |1 0 |4 0 |6 371_390000000000000_DEC_1946 |7 0 |8 P |9 246988 |a BIBEDU |b BIBEDU |c BIBEDU_PB |d 2019-11-18 |i 1558072 |o 371.39 DEC 1946 |p 1558072 |r 2024-01-25 |w 2019-11-18 |y BK |k EDU | ||
| 952 | |0 0 |1 0 |4 0 |6 371_390000000000000_DEC_1946 |7 0 |8 P |9 246989 |a BIBEDU |b BIBEDU |c BIBEDU_PB |d 2019-11-18 |i 1558080 |l 1 |o 371.39 DEC 1946 |p 1558080 |r 2024-04-16 |s 2024-04-16 |w 2019-11-18 |y BK |k EDU | ||